| 000 | 00625nam a2200241Ia 4500 | ||
|---|---|---|---|
| 008 | 170712s9999 xx 000 0 und d | ||
| 020 | _a9789710070763 | ||
| 050 | _a158.2 | ||
| 050 | _bS211 2014 | ||
| 100 | _aSanchez, Bo | ||
| 245 | _aHow to deal with difficult people / | ||
| 245 | _cby Bo Sanchez. | ||
| 260 | _aPhilippines : | ||
| 260 | _bShepherd House Publishers, Inc., | ||
| 260 | _c2014 | ||
| 300 | _a133 pages : | ||
| 300 | _billustration ; | ||
| 300 | _c22cm. | ||
| 650 | _aInterpersonal relations. | ||
| 650 | _aInterpersonal Relations. | ||
| 650 | _aPsychology, Industrial. | ||
| 650 | _aTitle. | ||
| 999 |
_c340474 _d340474 |
||